Fundamentos de investigación (Registro nro. 9328)

Detalles MARC
000 -Cabecera
Campo de control de longitud fija 00841ntm a22003137a 4500
005 - Fecha y hora de la última transacción
Campo de control 20260313175519.0
008 - Elementos de longitud fija--Información general
Campo de control de longitud fija 170425b2017 xxu||||| |||| 00| 0 spa d
020 ## - International Standard Book Number
Número Internacional Estándar del Libro (ISBN) 9786071513953
041 ## - Idioma
Código de idioma Español
082 ## - Clasificación Decimal Dewey
Número de clasificación 001.42 H557fu
100 ## - Entrada principal--Autor personal
Nombre personal Hernández Sampieri, Roberto
245 ## - Título propiamente dicho
Título Fundamentos de investigación
260 ## - Pie de imprenta
Lugar de publicación, distribución, etc. México
260 ## - Pie de imprenta
Nombre del editor, distribuidor, etc. McGraw Hill
260 ## - Pie de imprenta
Fecha de publicación, distribución, etc. 2017
300 ## - Descripción física
Extensión 280 páginas
Otras características físicas Fotografías blanco y negro
490 ## - Serie
Título de la Serie Temática General
650 ## - Materia general
Temática (materia general) MÉTODOS DE INVESTIGACIÓN
650 ## - Materia general
Temática (materia general) INVESTIGACIÓN
650 ## - Materia general
Temática (materia general) PROYECTO DE INVESTIGACIÓN
650 ## - Materia general
Temática (materia general) OBJETIVOS
650 ## - Materia general
Temática (materia general) MARCO TEÓRICO
650 ## - Materia general
Temática (materia general) DISEÑO DE INVESTIGACIÓN
650 ## - Materia general
Temática (materia general) MUESTRA
650 ## - Materia general
Temática (materia general) RECOLECCIÓN DE DATOS
650 ## - Materia general
Temática (materia general) DESARROLLO PROFESIONAL
650 ## - Materia general
Temática (materia general) HIPÓTESIS
942 ## - Punto de acceso adicional KOHA
Tipo de ítem KOHA Libro
Fuente del sistema de clasificación o colocación Dewey Decimal Classification
Existencias
Signatura completa Código de barras Programa Académico Tipo de ítem En préstamo
001.42 H557fu 22177 Temática General Libro  
001.42 H557fu 22178 Temática General Libro  
001.42 H557fu 23504 Temática General Libro  
001.42 H557fu 23505 Temática General Libro  
001.42 H557fu 23506 Temática General Libro  
001.42 H557fu 23507 Temática General Libro  
001.42 H557fu 23508 Temática General Libro 10/06/2026